<?xml version="1.0" encoding="UTF-8"?>
<marc:record xmlns:marc="http://www.loc.gov/MARC21/slim">
   <marc:leader>00000nam a2200000 a 4500</marc:leader>
   <marc:datafield ind1=" " ind2=" " tag="653">
      <marc:subfield code="a">Zauberei</marc:subfield>
   </marc:datafield>
   <marc:datafield ind1=" " ind2=" " tag="653">
      <marc:subfield code="a">Hexen, Spuk ...</marc:subfield>
   </marc:datafield>
   <marc:datafield ind1="0" ind2="0" tag="245">
      <marc:subfield code="a">Hocus Pocus</marc:subfield>
   </marc:datafield>
   <marc:datafield ind1=" " ind2="1" tag="264">
      <marc:subfield code="c">1993</marc:subfield>
   </marc:datafield>
   <marc:datafield ind1="1" ind2=" " tag="520">
      <marc:subfield code="a">Teenager Max muß an Halloween seine kleine Schwester Dani beim Süßigkeitensammeln begleiten. Dabei erweckt er versehentlich die drei Hexenschwestern Sanderson zu neuem Leben, die im 17. Jahrhundert gehängt worden waren. Mit den Seelen der Kinder von Salem wollen sie ewiges Leben erlangen. Das wollen Max und Dani verhindern. Mit der Hilfe des hübschen Teenies Allison, einer sprechenden Katze und eines sympathischen Zombies nehmen sie den Kampf um das alles entscheidende Hexenzauberbuch auf.</marc:subfield>
   </marc:datafield>
   <marc:datafield ind1="3" ind2=" " tag="024">
      <marc:subfield code="a">8717418407438</marc:subfield>
   </marc:datafield>
</marc:record>
